<?xml version="1.0" encoding="UTF-8"?>
<record
    xmlns:xsi="http://www.w3.org/2001/XMLSchema-instance"
    xsi:schemaLocation="http://www.loc.gov/MARC21/slim http://www.loc.gov/standards/marcxml/schema/MARC21slim.xsd"
    xmlns="http://www.loc.gov/MARC21/slim">

  <leader>00764nam a2200229 a 4500</leader>
  <controlfield tag="001">53071</controlfield>
  <controlfield tag="003">BD-RjUL</controlfield>
  <controlfield tag="005">20211209075914.0</controlfield>
  <controlfield tag="008">210105s1955    pk ||||| |||| 00| 0 urd d</controlfield>
  <datafield tag="035" ind1=" " ind2=" ">
    <subfield code="a">(BD-RjUL)53191</subfield>
  </datafield>
  <datafield tag="040" ind1=" " ind2=" ">
    <subfield code="a">BD-RjUL</subfield>
    <subfield code="b">eng</subfield>
    <subfield code="c">BD-RjUL</subfield>
  </datafield>
  <datafield tag="041" ind1=" " ind2=" ">
    <subfield code="a">urd</subfield>
  </datafield>
  <datafield tag="082" ind1=" " ind2=" ">
    <subfield code="2">23 </subfield>
    <subfield code="a">891.4392</subfield>
    <subfield code="b">KAM 1955</subfield>
  </datafield>
  <datafield tag="100" ind1=" " ind2=" ">
    <subfield code="a">kashmiri,  Aga mohammad Shah Hashar   &#x627;&#x63A;&#x627; &#x645;&#x62D;&#x645;&#x644; &#x634;&#x627;&#x647; &#x62D;&#x634;&#x631;, &#x6A9;&#x627;&#x634;&#x645;&#x6CC;&#x631;&#x6CC;</subfield>
    <subfield code="9">243296</subfield>
  </datafield>
  <datafield tag="245" ind1="0" ind2="0">
    <subfield code="a"> Mokammel drama Balaw mangal  /</subfield>
    <subfield code="c">Aga mohammad shah kashmiri &#x627;&#x63A;&#x627; &#x645;&#x62D;&#x645;&#x62F; &#x634;&#x627;&#x647; &#x62D;&#x634;&#x631;&#x6A9;&#x627;&#x634;&#x645;&#x6CC;&#x631;&#x6CC;</subfield>
  </datafield>
  <datafield tag="246" ind1=" " ind2=" ">
    <subfield code="a">&#x645;&#x643;&#x645;&#x644; &#x688;&#x631;&#x627;&#x645;&#x627; &#x628;&#x644;&#x648;&#x627;&#x645;&#x646;&#x6AF;&#x644;</subfield>
  </datafield>
  <datafield tag="260" ind1=" " ind2=" ">
    <subfield code="a">Lahore :</subfield>
    <subfield code="b">Urdu markaj, </subfield>
    <subfield code="c">1955</subfield>
  </datafield>
  <datafield tag="300" ind1=" " ind2=" ">
    <subfield code="a">107 p. ; </subfield>
    <subfield code="c">21 cm</subfield>
  </datafield>
  <datafield tag="650" ind1=" " ind2=" ">
    <subfield code="a">&#x627;&#x631;&#x62F;&#x648;&#x688;&#x631;&#x645;&#x627;</subfield>
    <subfield code="9">243297</subfield>
  </datafield>
  <datafield tag="650" ind1=" " ind2=" ">
    <subfield code="a">Urdu Drama</subfield>
    <subfield code="9">243298</subfield>
  </datafield>
  <datafield tag="942" ind1=" " ind2=" ">
    <subfield code="2">ddc</subfield>
    <subfield code="c">BK</subfield>
  </datafield>
  <datafield tag="999" ind1=" " ind2=" ">
    <subfield code="c">53071</subfield>
    <subfield code="d">53071</subfield>
  </datafield>
  <datafield tag="952" ind1=" " ind2=" ">
    <subfield code="0">0</subfield>
    <subfield code="1">0</subfield>
    <subfield code="2">ddc</subfield>
    <subfield code="4">0</subfield>
    <subfield code="7">1</subfield>
    <subfield code="8">NFIC</subfield>
    <subfield code="a">RUCL</subfield>
    <subfield code="b">RUCL</subfield>
    <subfield code="c">Reading</subfield>
    <subfield code="d">1967-08-10</subfield>
    <subfield code="e">m. bualluds=</subfield>
    <subfield code="g">1.00</subfield>
    <subfield code="l">0</subfield>
    <subfield code="o">U 891.4392 KAM 1955</subfield>
    <subfield code="r">2021-01-05 00:00:00</subfield>
    <subfield code="t">C-1</subfield>
    <subfield code="w">2021-01-05</subfield>
    <subfield code="y">BK</subfield>
  </datafield>
</record>
